[Event "10th LCC FIDE Open 2018"]
[Site "London"]
[Date "2018.12.14"]
[Round "6"]
[White "Gschnitzer, Adrian"]
[Black "Menzies, Colin"]
[Result "1-0"]
[WhiteElo "2374"]
[BlackElo "2132"]
[Annotator "TA"]
[PlyCount "87"]
[EventDate "2018.12.09"]
[EventType "swiss"]
[EventCountry "ENG"]
[SourceTitle "playchess.com"]
[Source "ChessBase"]
[SourceQuality "1"]

{[%evp 20,87,85,102,96,96,91,99,95,43,33,22,293,272,258,250,268,255,297,276,434,395,613,609,596,591,664,675,597,262,312,314,275,297,224,172,212,233,205,125,125,68,66,75,125,105,407,381,400,424,419,375,1056,1041,1007,944,1394,1214,1338,1233,1215,1112,1182,1162,1041,1008,1049,1002,29987,29988]} 1. e4 c5 2. Nf3 Nf6 3. Nc3 d5 4. exd5 Nxd5 5. Bb5+ Bd7 6. Ne5 Bxb5 {B29: Sicilian: 2 Nf3 Nf6 (Nimzowitsch Variation)} 7. Qf3 f6 8. Nxb5 Na6 {[%cal Bb8a6,Ba6b4,Bb4c2][%mdl 32]} 9. Qh5+ g6 10. Nxg6 hxg6 11. Qxh8 {LiveBook: 23 Games. Qh7 is the strong threat.} Qd7 12. Nc3 Nab4 13. O-O {aiming for d4.} Nxc2 14. Rb1 {[#]} ({White should try} 14. Nxd5 $16 Qxd5 15. Rb1) 14... Nf4 $146 15. d4 {[%mdl 64] Discovered Attack} Nd3 $2 {[%mdl 8192]} (15... Nxg2 $1 $11 {and Black stays safe.} 16. d5 (16. dxc5 Nge1 $11) 16... O-O-O) 16. Bh6 $18 {[%csl Gh6][%cal Rh8f8]} O-O-O 17. Bxf8 Nf4 {intending ...Qg4.} 18. h3 ({Inferior is} 18. dxc5 Qg4 $11) 18... cxd4 {Strongly threatening ...Qc6.} 19. Qh6 e5 (19... dxc3 {was worth a try.} 20. Qxf4 Nd4) 20. Rbc1 ({Not} 20. Ne4 Qc6 $18) 20... Qc6 (20... d3 $142 21. Rfd1 Kb8) 21. f3 d3 22. g3 Qb6+ 23. Kh1 Qxb2 {And now ...d2 would win.} 24. gxf4 (24. Ne4 $142 d2 25. Nxd2) 24... Qxc3 25. Qxg6 Rxf8 26. Rfd1 Rd8 27. Qf5+ Kb8 {Hoping for ...d2.} 28. Qxf6 Qc8 29. Kh2 ({But not} 29. Qxe5+ $6 Ka8 $14) 29... exf4 {[#]} 30. Qxf4+ (30. Rd2 $1 $16) 30... Ka8 $14 31. Rd2 {Threatens to win with Rcd1.} Rf8 {[#]} 32. Qe4 $1 Qb8+ $2 {[%mdl 8192]} (32... Rh8 $16 {is a better chance.} 33. h4 Qc7+ 34. f4 Rxh4+ 35. Kg3 Rh8) 33. Kh1 $18 Rh8 34. Qxd3 Rxh3+ 35. Kg1 Qg8+ $2 (35... Nb4 36. Qd6 Qxd6 37. Rxd6 Rh8) 36. Rg2 {[%cal Rg2g8]} Qh8 37. Qxc2 Rh1+ 38. Kf2 {Threatening mate with Qc8+.} Qd4+ 39. Ke2 {[%cal Rc2c8]} Qe5+ 40. Kd3 Qd5+ 41. Ke3 {[%cal Rc2c8]} Qe6+ 42. Kf2 {White threatens Qc8+ and mate.} Rh8 43. Qb3 Qe8 44. Rcg1 {Accuracy: White = 61%, Black = 44%.} 1-0

[Event "10th LCC FIDE Open 2018"]
[Site "London"]
[Date "2018.12.14"]
[Round "6"]
[White "Mihajlov, Sebastian"]
[Black "Price, Gwilym"]
[Result "1-0"]
[WhiteElo "2358"]
[BlackElo "2075"]
[Annotator "TA"]
[PlyCount "107"]
[EventDate "2018.12.09"]
[EventType "swiss"]
[EventCountry "ENG"]
[SourceTitle "playchess.com"]
[Source "ChessBase"]
[SourceQuality "1"]

{[%evp 24,107,26,22,43,52,42,50,64,40,47,34,34,34,36,35,51,41,34,10,10,0,25,18,60,56,81,75,85,69,66,66,64,68,66,0,70,64,72,65,80,89,184,180,175,175,206,196,215,0,127,0,186,180,282,205,195,99,152,158,142,110,253,236,244,206,199,208,260,173,158,156,149,156,172,175,177,181,413,408,502,496,555,508,570,522]} 1. e4 c5 2. Nf3 e6 3. d4 cxd4 4. Nxd4 Nf6 {[%cal Bg8f6,Bf6d5,Bd5e3][%mdl 32]} 5. Nc3 Nc6 6. Nxc6 bxc6 7. e5 Nd5 8. Ne4 Qc7 9. f4 Qb6 10. c4 Ne3 11. Qd3 Bb4+ 12. Bd2 {B45: Sicilian Four Knights} O-O 13. Rc1 {LiveBook: 24 Games} f5 (13... Bxd2+ 14. Qxd2 Nxf1 15. Rxf1 c5 16. Rc3 d5 17. cxd5 exd5 18. Nxc5 d4 19. Qxd4 Qxb2 {½-½ (51) Savchenko,B (2585)-Pridorozhni,A (2565) Sochi 2017}) 14. exf6 {Threatens to win with c5.White is slightly better.} Ng4 15. c5 Qa5 $146 ({Predecessor:} 15... Qb8 16. Rc4 Bxd2+ 17. Qxd2 Nxf6 18. Nd6 a5 19. Ra4 Nd5 {½-½ (56) Garus,E (2040)-Kienel,N (1948) GER email 2012}) 16. a3 Bxd2+ 17. Qxd2 Qxd2+ 18. Kxd2 Nxf6 19. Nd6 a5 20. Bc4 $36 {[%mdl 2048] White has good play.} Ba6 21. Rhe1 (21. Ba2 {seems wilder.} g6 22. g3 Rfb8 23. Rc2 Nd5 24. Rg1) 21... Bxc4 22. Rxc4 Ne8 23. Re5 Rb8 24. Kc2 Nc7 25. g3 h6 26. h4 Ra8 27. Ra4 Rfb8 28. Nc4 Rb5 $1 29. Nd6 Rbb8 30. Re3 Nb5 31. Ne4 Kf7 32. Nd2 Ra7 (32... Ke7 $16) 33. Rd3 $18 Ke7 34. Nc4 Rba8 35. Ne5 Rd8 {[#]} 36. Nc4 (36. f5 $1 $18 {[%mdl 512] fxe6 is the strong threat.} exf5 37. Rf4) 36... Rda8 $1 $16 37. Ne5 (37. Rd2 $16) 37... Rd8 $1 $18 38. Re4 Rb7 (38... Ra6 {is a better defense.} 39. f5 d5) 39. Nc4 Ra7 40. Nb6 (40. f5 $18) 40... Rb7 (40... d5 $142 41. cxd6+ Nxd6) 41. f5 $16 Rf8 42. fxe6 dxe6 (42... d5 $16 43. Re2 Nc7) 43. a4 $18 Rf5 44. Nc8+ Kf6 45. axb5 Rxc5+ 46. Rc3 Rxc3+ 47. bxc3 cxb5 {[%mdl 4096] Endgame KRN-KR} 48. Nd6 Rb6 49. Rf4+ Kg6 50. Nf7 Rb7 $2 {[#]} (50... Kh5 {was necessary.} 51. Ne5 g5) 51. g4 {[%cal Bg3g4,Bg4g5][%mdl 32]} h5 52. Ne5+ {White is clearly winning.} Kh6 53. g5+ Kh7 54. Rf8 {Accuracy: White = 74%, Black = 49%.} 1-0

[Event "10th LCC FIDE Open 2018"]
[Site "London"]
[Date "2018.12.14"]
[Round "6"]
[White "Gullaksen, Eirik"]
[Black "Beckett, Chris J"]
[Result "0-1"]
[WhiteElo "2349"]
[BlackElo "2165"]
[Annotator "TA"]
[PlyCount "108"]
[EventDate "2018.12.09"]
[EventType "swiss"]
[EventCountry "ENG"]
[SourceTitle "playchess.com"]
[Source "ChessBase"]
[SourceQuality "1"]

{[%evp 27,108,29,32,-12,-6,-28,-28,-38,-29,-25,-28,-24,-35,-165,-161,-165,-163,-162,-139,-147,-158,-157,-160,-152,-100,-124,-115,-153,-159,-150,-134,-140,-104,-104,-104,-104,-100,-103,-108,-101,-64,-75,-64,-87,-83,-96,-16,-93,-16,-16,-16,-24,-32,-157,-162,-155,-135,-220,-214,-207,-126,-126,-126,-933,-776,-557,-557,-5013,-5013,-4618,-4618,-5330,-5161,-29969,-29970,-29983,-29984,-29972,-29969,-29961,-29957,-5110,-4614]} 1. d4 Nf6 2. c4 c5 3. d5 e6 4. Nc3 exd5 5. cxd5 d6 6. Nf3 g6 7. Bf4 Bg7 8. h3 O-O 9. e3 a6 10. a4 Qe7 {A61: Modern Benoni: Nf3 without early e4} 11. Nd2 Nh5 12. Bh2 f5 13. Be2 f4 14. O-O fxe3 {[#] LiveBook: 3 Games} 15. Bxh5 $146 ({Predecessor:} 15. Nc4 exf2+ 16. Kh1 Qh4 17. Bxh5 Qxc4 18. Bxd6 Qh4 19. Bxf8 Bxf8 {1-0 (29) Dzagnidze,N (2555)-Trent,L (2429) Caleta 2013}) 15... exd2 16. Bg4 Bxg4 17. Qxg4 Rf5 18. Rad1 Bxc3 19. bxc3 Rxd5 20. Qf4 {[#]} (20. Qf3 $15 Qf7 21. Qe3) 20... Qe2 $1 $19 21. Qe3 Qxe3 22. fxe3 Nc6 23. e4 Rd3 24. Rf3 Rxf3 25. gxf3 $17 {[%mdl 4096] Endgame KRB-KRN} b5 ({Stronger than} 25... Rf8 26. Kf2 $11) (25... Na5 $142 {Strongly threatening ...Nc4.} 26. Rxd2 Nc4) 26. Rxd2 bxa4 27. Bxd6 Rd8 {aiming for ...Ne5!} 28. f4 Na5 {...Nb3 is the strong threat.} 29. e5 Nc4 30. Ra2 Nxd6 31. exd6 Rxd6 32. Rxa4 {KR-KR} Kf7 33. Ra5 Rc6 34. Kf2 Ke6 35. Ke3 Kd5 36. Kd3 Rb6 (36... Rd6 $17 37. h4 Kc6+ 38. Kc4 Kb6 39. Rxc5 Rf6) 37. h4 (37. c4+ $1 $11 {remains equal.} Kc6 38. Ke4) 37... Rc6 (37... Rd6 $17 {With the idea ...Kc6+.} 38. Ra1 c4+ 39. Ke3 Kc5) 38. c4+ $11 Kd6 39. Ke4 Ke6 40. Ke3 (40. h5 $1 $15) 40... Kf5 $17 41. Kf3 {[#]} h5 $1 42. Ke3 (42. Ra3 $17) 42... Kg4 $19 43. Ke4 Rf6 44. Rxc5 {White wants to play Rg5+.} Rxf4+ 45. Kd5 $2 {[%mdl 8192]} (45. Ke5 $17) 45... Kxh4 ({Weaker is} 45... Rf5+ 46. Kd6 $17) 46. Rc6 g5 {[%cal Bg6g5,Bg5g4,Bg4g3,Bg3g2][%mdl 32] Hoping for ...g4.} 47. Rxa6 g4 48. c5 Rf5+ 49. Kd4 g3 50. Ra2 Rf2 51. Ra8 g2 52. Rg8 Kh3 53. c6 Rf7 54. Ke5 h4 {Precision: White = 37%, Black = 80%.} 0-1

[Event "10th LCC FIDE Open 2018"]
[Site "London"]
[Date "2018.12.14"]
[Round "6"]
[White "Bradbury, Neil H"]
[Black "Istratescu, Andrei"]
[Result "0-1"]
[WhiteElo "2336"]
[BlackElo "2564"]
[Annotator "TA"]
[PlyCount "94"]
[EventDate "2018.12.09"]
[EventType "swiss"]
[EventCountry "ENG"]
[SourceTitle "playchess.com"]
[Source "ChessBase"]
[SourceQuality "1"]

{[%evp 25,94,0,0,-8,0,-37,-32,-56,-23,-44,-47,-50,-59,-52,-56,-58,-56,-43,-18,-18,-8,-29,0,-61,-65,-65,-56,-69,-55,-86,-86,-86,-64,-90,-75,-72,-41,-93,-102,-103,-101,-120,-110,-108,-103,-130,-99,-166,-172,-207,-193,-195,-187,-186,-119,-181,-180,-627,-624,-606,-589,-680,-673,-604,-545,-2685,-848,-5293,-5289,-5269,-4714]} 1. d4 d6 2. g3 g6 3. Bg2 Bg7 4. Nf3 Nf6 5. O-O O-O 6. c4 Nc6 7. Nc3 Rb8 8. b3 a6 9. Bb2 b5 10. cxb5 axb5 11. d5 Na5 12. a3 {E63: King's Indian: Fianchetto: Panno Variation with 7...a6} (12. Re1 b4 13. Na4 e5 14. dxe6 fxe6 15. e4 e5 16. Qc2 Qe7 17. Rac1 Ne8 18. Nd2 Bh6 19. Rb1 c5 {0-1 (37) Farahat,A (2420)-Amin,B (2672) Oran 2017}) 12... c5 13. dxc6 Nxc6 {LiveBook: 4 Games} 14. b4 $146 {The position is equal.} ({Predecessor:} 14. Nd4 Nxd4 15. Qxd4 Nd7 16. Qb4 Nc5 17. Rfb1 Na6 18. Qf4 e6 19. b4 Nc7 {½-½ (66) Elarbi,A (2295)-Shoker,S (2497) Abu Dhabi 2013}) 14... Ng4 15. h3 Nge5 16. Nd2 Be6 17. Rc1 Qd7 18. Kh2 Rfc8 19. f4 Nc4 20. Nxc4 Bxc4 21. Re1 h5 22. e3 Rd8 23. Qd2 d5 {[#]} 24. Ne2 (24. Nxd5 $1 $11 {[%mdl 512]} Bxb2 (24... Bxd5 25. Bxg7) 25. Rxc4 bxc4 26. Qxb2) 24... Bxb2 25. Qxb2 Ra8 26. Red1 Qe6 27. Rc3 Qf6 {And now ...Bxe2 would win.} 28. Nd4 Nxd4 29. Rxd4 h4 30. gxh4 Ra6 31. h5 ({White should try} 31. Qd2 $1 $15) 31... e5 $36 {[%mdl 2048] White is under strong pressure.} 32. fxe5 Qxe5+ 33. Kh1 Qxh5 34. Qf2 Rda8 35. Qb2 Qe5 36. Qc1 (36. Rxd5 $17 Bxd5 37. Rc8+ $1 {[%mdl 512]} Rxc8 38. Qxe5 Bxg2+ 39. Kxg2) 36... Kg7 $19 37. Rf4 Rf6 38. Rxf6 Qxf6 39. Qd2 Rd8 (39... Re8 $19 40. Rc1 Kg8) 40. Rc1 (40. Qd4 $17 {was called for.}) 40... d4 41. a4 $2 (41. exd4 Rxd4 42. Qc3) 41... dxe3 {Black is clearly winning.} 42. Qxe3 {[#]} Rd3 $1 {[%cal Rd3e3]} 43. Qc5 Qf4 44. Re1 bxa4 45. b5 {[#]} a3 (45... Bd5 $142 $1 {[%mdl 512]} 46. Bxd5 Qg5) 46. b6 a2 47. b7 Rb3 {Accuracy: White = 40%, Black = 63%.} 0-1

[Event "10th LCC FIDE Open 2018"]
[Site "London"]
[Date "2018.12.14"]
[Round "6"]
[White "Lyell, Mark"]
[Black "Debashis, Das"]
[Result "0-1"]
[WhiteElo "2317"]
[BlackElo "2544"]
[Annotator "TA"]
[PlyCount "100"]
[EventDate "2018.12.09"]
[EventType "swiss"]
[EventCountry "ENG"]
[SourceTitle "playchess.com"]
[Source "ChessBase"]
[SourceQuality "1"]

{[%evp 17,100,33,27,29,26,11,16,12,15,-8,41,37,39,54,50,47,68,28,32,19,28,0,0,0,0,0,0,-58,-52,-58,-54,-95,-91,-92,-98,-95,-90,-179,-158,-263,-163,-170,-144,-257,-245,-244,-240,-243,-245,-229,-206,-207,-142,-156,-141,-133,-137,-204,-199,-202,-207,-203,-186,-291,-250,-335,-248,-412,-402,-579,-578,-625,-571,-631,-616,-594,-592,-603,-591,-1211,-1209,-1275,-519,-29975,-29976]} 1. e4 d5 2. exd5 Qxd5 3. Nc3 Qd6 4. d4 Nf6 5. Nf3 c6 6. g3 {B01: Scandinavian Defence} (6. h3 Nbd7 7. Bd3 g6 8. O-O Bg7 9. Re1 O-O 10. Qe2 e6 11. Bg5 b6 12. Rad1 Bb7 13. Ne5 c5 14. dxc5 Qxe5 15. Qxe5 Nxe5 16. Rxe5 {1-0 (90) Guseinov,G (2645)-Carlsen,M (2832) chess.com INT 2017}) 6... Bf5 7. Bg2 h6 8. O-O e6 9. Bf4 Qd8 {LiveBook: 12 Games} 10. Qe2 Be7 11. Rad1 O-O 12. Ne5 Nbd7 13. Bc1 $146 ({Predecessor:} 13. g4 Bh7 {0-1 (79) Neiksans,A (2627)-Milanovic,D (2502) chess.com INT 2017}) 13... a5 14. g4 Bh7 15. f4 Nd5 16. Ne4 N5f6 17. Nxf6+ Bxf6 18. c4 Be7 19. Kh1 Nxe5 20. dxe5 Qc7 21. Be3 Rfd8 22. Qf2 (22. Bd4 $11) 22... Rxd1 $1 $15 23. Rxd1 Rd8 24. Rg1 {[#] Strongly threatening Bb6.} Rd3 25. Bb6 Qd7 26. Bxa5 Rd4 27. Bb6 (27. Re1 $17 {was called for.}) 27... Rxc4 28. Qf3 (28. Rf1 $17) 28... Be4 29. Qd1 Bd5 30. Bxd5 (30. Be3 $17 {was the only defense.}) 30... cxd5 ({Much less strong is} 30... Qxd5+ 31. Qxd5 exd5 32. Be3 $17) 31. Bd4 Qc6 32. Rf1 Bc5 33. Bxc5 {Hoping for Bd4.} Qxc5 $19 {[%mdl 4096] Endgame KQR-KQR} ({Don't play} 33... Rxc5 34. Kg1 $17) 34. Qf3 Qd4 35. Qf2 Qd3 {...Rc2 is the strong threat.} 36. Qf3 Qc2 37. Rf2 (37. Qg2 $17) 37... Qb1+ 38. Kg2 Qxa2 39. f5 {and if fxe6 works, White does fine.} Qa6 40. f6 (40. h3 $142) 40... g6 41. b3 Rc8 42. Qf4 $2 (42. Qd1 {was worth a try.}) 42... Kh7 43. Qb4 (43. Qd2 $142 Qa1 44. Qe2) 43... Qd3 44. Rd2 Qe3 45. Qd4 Qxb3 46. Rb2 Qa3 47. Qb6 Qc3 48. Qxb7 Rc7 49. Qb5 Qxe5 (49... Rc4 $142 50. h3 Qxe5) 50. Rf2 {[#]} (50. Qe2 $19 Qxf6 51. h3) 50... Qe4+ {[%mdl 64] Double Attack. Accuracy: White = 30%, Black = 73%.} 0-1

[Event "10th LCC FIDE Open 2018"]
[Site "London"]
[Date "2018.12.14"]
[Round "6"]
[White "Wu, Li"]
[Black "Hector, Jonny"]
[Result "1/2-1/2"]
[WhiteElo "2317"]
[BlackElo "2501"]
[Annotator "TA"]
[PlyCount "85"]
[EventDate "2018.12.09"]
[EventType "swiss"]
[EventCountry "ENG"]
[SourceTitle "playchess.com"]
[Source "ChessBase"]
[SourceQuality "1"]

{[%evp 9,85,41,45,21,34,29,34,32,43,29,20,24,22,22,29,21,9,6,11,16,7,0,0,0,0,0,9,5,8,-6,0,-13,1,8,18,14,56,63,52,62,70,64,63,64,70,59,47,34,37,0,0,0,0,0,0,0,4,8,8,0,0,0,0,0,0,0,0,0,0,0,0,0,0,0,0,0,0,0]} 1. c4 e5 {[%cal Be7e5,Be5e4][%mdl 32]} 2. g3 c6 3. Nf3 e4 4. Nd4 Bc5 (4... d5 5. cxd5 Qxd5 6. Nc2 Nf6 7. Nc3 Qh5 8. Ne3 Bc5 9. Qc2 Qe5 10. Bg2 Bxe3 11. fxe3 Bf5 12. b4 O-O 13. Bb2 {1-0 (41) Aronian,L (2801)-Papaioannou,I (2652) Heraklio 2017}) 5. Nb3 Be7 $146 ({Predecessor:} 5... Bb6 6. c5 Bc7 7. Bg2 Nf6 8. Nc3 Qe7 9. O-O Na6 10. d4 exd3 11. exd3 Nxc5 12. Nxc5 Qxc5 {1-0 (71) Kobald,M (1683)-Juenk,S (1460) Ditzingen 2015}) 6. d3 {A20: English Opening: 1...e5} exd3 7. Qxd3 Nf6 8. Bg2 {White is slightly better.} Na6 9. O-O d5 10. cxd5 Nb4 11. Qd1 {next e4 is good for White.} Nbxd5 12. e4 Nb4 {Threatens to win with ...Qxd1.} 13. Qxd8+ Bxd8 {[%cal Be7d8,Bd8c7,Bc7b8][%mdl 32]} 14. Nc3 Nd3 15. Rd1 Nxc1 16. Raxc1 O-O 17. h3 a5 18. Nc5 $36 {[%mdl 2048] Black is under pressure.} Bc7 19. Nd3 Re8 20. Nb5 Bb8 21. e5 cxb5 22. exf6 gxf6 23. Rxc8 {[%mdl 64] [#] Remove Defender, Decoy} Rxc8 24. Bxb7 {[%mdl 64] Double Attack} Ba7 25. Bxa8 Rxa8 $14 {[%mdl 4096] Endgame KRB-KRN} 26. Nf4 Rc8 27. Rd2 a4 28. Nh5 f5 $1 29. Rd5 Kf8 {The position is equal.} 30. Rxb5 Rc2 31. Rb4 Bxf2+ 32. Kf1 Ke7 33. Rxa4 Rxb2 34. Rf4 Ba7 35. Rxf5 Rxa2 36. Re5+ Kf8 37. Re2 Ra5 38. g4 Ra3 39. Kg2 Bb8 40. Rf2 Rb3 41. Re2 Ra3 42. Rf2 Rb3 43. Re2 {Accuracy: White = 69%, Black = 72%.} 1/2-1/2

[Event "10th LCC FIDE Open 2018"]
[Site "London"]
[Date "2018.12.14"]
[Round "6"]
[White "Van Zyl-Rudd, Jack"]
[Black "Bezuidenhout, Roland"]
[Result "1/2-1/2"]
[WhiteElo "2306"]
[BlackElo "2145"]
[Annotator "TA"]
[PlyCount "76"]
[EventDate "2018.12.09"]
[EventType "swiss"]
[EventCountry "ENG"]
[SourceTitle "playchess.com"]
[Source "ChessBase"]
[SourceQuality "1"]

{[%evp 24,76,27,26,107,120,123,105,122,90,96,80,80,79,140,128,173,181,186,186,180,179,285,275,267,267,273,243,248,220,286,256,248,258,233,46,70,43,41,0,0,0,0,-492,621,0,0,0,0,0,0,0,0,0,0]} 1. d4 Nf6 2. c4 e6 3. Nf3 d5 4. g3 Be7 5. Bg2 O-O 6. O-O dxc4 7. Ne5 Nc6 8. Nxc6 bxc6 9. Na3 Bxa3 10. bxa3 Rb8 {E05: Open Catalan: 5 Nf3 Be7} (10... Ba6 11. Qd2 Rb8 12. Qa5 Qc8 13. a4 Rd8 14. Rd1 c3 15. Qxc3 Bxe2 16. Re1 Qa6 17. Bg5 Qc4 18. Rac1 Qxc3 19. Rxc3 Rb2 20. Rxc6 h6 21. Bxf6 gxf6 22. Rxc7 a6 23. d5 exd5 24. Bf1 Bxf1 {½-½ (24) Van Wely,L (2667)-Kryvoruchko,Y (2705) Brest 2018}) 11. Qa4 Qxd4 12. Be3 Qe5 13. Qxc4 {LiveBook: 11 Games} Qb5 (13... Nd5 $11 {remains equal.}) 14. Qxb5 $16 Rxb5 15. Bxc6 Ra5 16. Rac1 $146 ({Predecessor:} 16. Rfc1 Bd7 17. Bd2 Re5 18. Bxd7 Nxd7 19. Rxc7 {1-0 (47) Akesson,R (2428)-Stevanic,D (1884) Maribor 2015}) 16... Ba6 17. Rfe1 Rd8 18. Bc5 ({Much worse is} 18. Bxa7 Rxa3 19. Rc2 Bxe2 $11) 18... h6 (18... Rb8 $142) 19. f4 Nd5 20. e4 Nb6 21. g4 Rd3 {[#]} 22. a4 $1 {[%mdl 512]} e5 (22... Nxa4 $142 23. Bb4 {[%mdl 64] Trapped Piece} (23. Bxa7 Nc3 $17) 23... Rb5 24. Bxb5 {[%mdl 64] Discovered Attack} Bxb5 25. Rxc7 a6) 23. Bb4 $18 (23. fxe5 Nd7 $11) 23... Rxa4 24. Bxa4 Nxa4 25. fxe5 c5 26. Bxc5 Nc3 27. a3 Bb7 28. Bb4 Nxe4 29. Rc7 $2 (29. Red1 $18 Rxd1+ 30. Rxd1) 29... Bd5 $14 30. Rxa7 {And now e6 would win.} (30. e6 $5 fxe6 31. Rec1 $16 (31. Rxa7 Ng5 $16)) 30... Ng5 31. Kf2 Nh3+ 32. Kf1 Bc4 {[#] ( -> ...Rg3+)} 33. Rc7 $2 {[%mdl 8192]} (33. Kg2 $11) 33... Rf3+ $2 ({Black should play} 33... Rd2+ $1 $19 34. Re2 Bxe2+ 35. Kg2 Rd3 36. Rc8+ Kh7) 34. Kg2 $11 Bd5 {...Rc3+ is the strong threat.The position is equal.} 35. Rd7 Nf4+ 36. Kg1 Nh3+ 37. Kg2 Nf4+ 38. Kg1 Nh3+ {Accuracy: White = 64%, Black = 42%.} 1/2-1/2

[Event "10th LCC FIDE Open 2018"]
[Site "London"]
[Date "2018.12.14"]
[Round "6"]
[White "Ronka, Erik"]
[Black "Longson, Sarah N"]
[Result "1/2-1/2"]
[WhiteElo "2281"]
[BlackElo "2137"]
[Annotator "TA"]
[PlyCount "60"]
[EventDate "2018.12.09"]
[EventType "swiss"]
[EventCountry "ENG"]
[SourceTitle "playchess.com"]
[Source "ChessBase"]
[SourceQuality "1"]

{[%evp 12,60,0,0,0,0,0,0,0,-8,-6,-9,-9,-6,2,-7,-16,-21,0,-41,-35,-47,-41,-43,-48,-64,-29,-31,-13,-25,-27,-16,-20,-95,-74,-99,-92,-94,-87,-94,-93,-93,-76,-98,-95,-97,-82,-79,-87,-70,-60]} 1. d4 d5 2. c4 dxc4 3. Nf3 Nf6 {[%cal Bg8f6,Bf6d5,Bd5b4][%mdl 32]} 4. Qa4+ Nc6 5. Nc3 Nd5 6. Qxc4 Ndb4 {D23: Queen's Gambit Accepted: 3 Nf3 Nf6 sidelines} (6... Nb6 7. Qb5 a6 8. Qd3 e5 9. Nxe5 Qxd4 10. Nxc6 Qxd3 11. exd3 bxc6 12. Bf4 Bd6 13. Bg3 Bf5 14. Be2 {½-½ (25) Ivanchuk,V (2786)-Dominguez Perez,L (2719) Almaty 2008}) 7. Qb3 $1 {[#] LiveBook: 14 Games. d5 is the strong threat.} Be6 8. Qa4 Bd7 $1 {The position is equal.} 9. Qd1 e5 $1 {[%cal Re5d4]} 10. a3 ({Don't blunder} 10. Nxe5 $2 {[#]} Nxd4 $1 {[%mdl 512]} 11. f4 Ndc2+ 12. Kf2 Nxa1 $19) 10... exd4 11. axb4 dxc3 12. bxc3 Qf6 {Hoping for ...Bxb4!} 13. Bd2 Bd6 $146 ({Predecessor:} 13... Ne5 14. e3 {0-1 (61) Mudra,O (2122)-Bennett,C ICCF email 2012}) 14. e3 Ne5 15. Nd4 O-O 16. f4 Ng4 {Threatens to win with ...Rfe8.} 17. Qf3 Rfe8 $36 {[%mdl 2048] And now ...Nxe3! would win. Black fights for an advantage.} 18. Be2 c5 19. bxc5 Bxc5 20. h3 Nh6 {[%cal Bg4h6,Bh6f5,Bf5d6,Bd6e4][%mdl 32]} 21. O-O Nf5 {[%cal Rc5d4]} 22. Rfe1 (22. Qxb7 $11 Nxd4 23. cxd4) 22... Rad8 {[%cal Rf5d4]} 23. Kh2 Bc6 24. Qf2 Nd6 25. Bd3 Ne4 26. Qe2 Qh4 27. Bxe4 Bxe4 28. Bc1 Bb6 29. Ba3 Bc7 30. Rad1 Ba5 {Accuracy: White = 57%, Black = 68%.} 1/2-1/2

[Event "10th LCC FIDE Open 2018"]
[Site "London"]
[Date "2018.12.14"]
[Round "6"]
[White "Abbas, Daniel"]
[Black "Eche, Sylvain"]
[Result "0-1"]
[WhiteElo "2280"]
[BlackElo "2136"]
[Annotator "TA"]
[PlyCount "156"]
[EventDate "2018.12.09"]
[EventType "swiss"]
[EventCountry "ENG"]
[SourceTitle "playchess.com"]
[Source "ChessBase"]
[SourceQuality "1"]

{[%evp 19,156,6,0,0,0,-36,5,0,2,-61,-52,-183,-177,-204,-198,-220,-207,-213,-213,-216,-214,-197,-172,-182,-176,-443,-449,-436,-281,-285,-279,-299,-296,-300,-263,-307,-276,-362,-280,-361,-315,-309,-297,-334,-344,-359,-350,-345,-343,-333,-293,-346,-338,-395,-394,-386,-386,-358,-313,-322,-314,-393,-375,-498,-490,-631,-617,-609,-548,-533,-533,-5054,-5054,-5054,-5054,-5054,-5054,-5054,-5054,-5054,-5054,-4922,-3440,-5054,-5047,-5039,-1851,-2739,-1739,-1732,-1626,-1685,-1652,-1630,-1606,-1446,-1184,-1177,-1177,-1177,-969,-29960,-29961,-29961,-29965,-29968,-29966,-29965,-29966,-29966,-29967,-29967,-29968,-29968,-29969,-29968,-29971,-29976,-29977,-29976,-29977,-29983,-29984,-29983,-29978,-29983,-29984,-29985,-29980,-29981,-29975,-29974,-29976,-29978,-29969,-29978,-29977,-29967,-29967]} 1. e4 c5 2. Nf3 d6 3. Bb5+ Bd7 4. c4 Nc6 5. O-O g6 6. d4 {B52: Sicilian: Moscow Variation with 3...Bd7} cxd4 7. Nxd4 Bg7 8. Bxc6 bxc6 9. c5 Nf6 10. Nc3 O-O {LiveBook: 5 Games} 11. h3 Rb8 $146 ({Predecessor:} 11... Qc8 12. Nb3 d5 {0-1 (36) Bologan,V (2607)-Dann,M (2517) Sitges 2017}) 12. Qa4 e5 13. Nf3 $1 d5 {Hoping for ...d4.} 14. exd5 (14. Nxe5 $11 Nxe4 15. Nxd7 Qxd7 16. Nxe4 dxe4 17. Rb1) 14... Nxd5 $15 15. Nxd5 (15. Bd2 $15) 15... cxd5 $19 16. c6 {[#]} Be8 $1 17. Rd1 Qb6 18. Qh4 Bxc6 19. Bh6 {and if Bxg7 works, White does fine.} f6 ({Don't take} 19... Qxb2 20. Bxg7 Kxg7 21. Rac1) 20. Rac1 Ba8 21. Bxg7 Kxg7 22. Nxe5 $2 (22. b3) 22... fxe5 23. Qe7+ Rf7 24. Qxe5+ Kg8 25. Rd2 Rbf8 26. Rcc2 Qf6 27. Qd4 Qg5 28. h4 Qf4 29. g3 Qxd4 30. Rxd4 Re7 31. b4 Re1+ 32. Kg2 Re4 33. Rxe4 dxe4 {[%mdl 4096] Endgame KRB-KR} 34. Kg1 Rd8 {And now ...Rd1+ would win.} 35. Kf1 Bd5 36. Rc7 Bxa2 37. Rxa7 Bc4+ 38. Ke1 Rb8 39. Kd2 Bd3 40. f3 Rxb4 41. fxe4 Bxe4 42. Ke3 Bc6 43. Rc7 Be8 44. Rc8 Kf8 45. Kf2 h5 46. Rc7 Bf7 47. Ke3 Kg7 48. Ra7 Rg4 49. Kf2 Kf6 50. Ra5 Be6 51. Rc5 Rd4 52. Ke3 Rd5 53. Rc3 Kf5 54. Ra3 Re5+ 55. Kf2 Bd5 56. Ra4 Be4 57. Rb4 Kf6 58. Rb6+ Re6 59. Rb5 Bf5 60. Rb2 Bg4 {Black mates.} 61. Rd2 Ke5 62. Ra2 Ke4 63. Ra4+ Kd3 64. Ra3+ Kc2 65. Ra2+ Kc1 66. Ra1+ Kb2 67. Ra5 Re2+ 68. Kg1 Kc3 69. Ra3+ Kd4 70. Ra6 Bf5 71. Ra3 Rc2 72. Ra4+ Ke3 73. Ra3+ Ke2 74. Ra4 Kf3 75. Ra3+ Kg4 76. Rb3 Kh3 77. Re3 Rg2+ {[%mdl 64] [#] Double Attack} 78. Kf1 Rxg3 {Accuracy: White = 33%, Black = 79%.} 0-1